Elementary differential equations / (Record no. 180939)

000 -LEADER
fixed length control field 01069 a2200241 4500
003 - CONTROL NUMBER IDENTIFIER
control field Nust
005 - DATE AND TIME OF LATEST TRANSACTION
control field 20221121135345.0
010 ## - LIBRARY OF CONGRESS CONTROL NUMBER
LC control number 91030740
020 ## - INTERNATIONAL STANDARD BOOK NUMBER
International Standard Book Number 0471509973
040 ## - CATALOGING SOURCE
Transcribing agency Nust
082 00 - DEWEY DECIMAL CLASSIFICATION NUMBER
Classification number 515.35,BOY
100 1# - MAIN ENTRY--PERSONAL NAME
Personal name Boyce, William E.
9 (RLIN) 8580
245 10 - TITLE STATEMENT
Title Elementary differential equations /
Statement of responsibility, etc. William E. Boyce, Richard C. DiPrima.
250 ## - EDITION STATEMENT
Edition statement 7th ed.
260 ## - PUBLICATION, DISTRIBUTION, ETC.
Place of publication, distribution, etc. New York :
Name of publisher, distributor, etc. J. Wiley,
Date of publication, distribution, etc. c2002.
300 ## - PHYSICAL DESCRIPTION
Extent xvi, 592p
Other physical details col. ill. ;
Dimensions 25 cm.
505 ## - FORMATTED CONTENTS NOTE
Formatted contents note Introduction (Page-1), First Order Differential Equations (Page-29), Second Order Linear Equations (Page-129), Higher Order Linear Equations (Page-209), Series Solutions of Second Order Linear Equations (Page-231), The Laplace Transform (Page-293), Systems Of First Order Linear Equations (Page-339), Numerical Methods (Page-419), Nonlinear Differential Equation and Stability (Page-459).
650 #0 - SUBJECT ADDED ENTRY--TOPICAL TERM
Topical term or geographic name entry element Boundary value problems.
9 (RLIN) 689
650 #0 - SUBJECT ADDED ENTRY--TOPICAL TERM
Topical term or geographic name entry element Differential equations.
9 (RLIN) 688
700 1# - ADDED ENTRY--PERSONAL NAME
Personal name Boyce, William E.
9 (RLIN) 8580
700 1# - ADDED ENTRY--PERSONAL NAME
Personal name DiPrima, Richard C.
9 (RLIN) 8581
942 ## - ADDED ENTRY ELEMENTS (KOHA)
Source of classification or shelving scheme
Koha item type Book
Call number prefix 515.35,BOY
Holdings
Withdrawn status Lost status Source of classification or shelving scheme Damaged status Not for loan Permanent Location Current Location Shelving location Date acquired Full call number Barcode Date last seen Price effective from Koha item type Public note
          Military College of Signals (MCS) Military College of Signals (MCS) General Stacks 12/12/2016 515.35,BOY MCS30289 12/08/2016 12/12/2016 Book Almirah No.13, Shelf No.4
© 2023 Central Library, National University of Sciences and Technology. All Rights Reserved.